01449nas a2200241 a 45000010005000000030005000050050017000100080041000270220014000680400020000822450032001022600038001343000014001725000133001865000133003195000054004525000094005065050352006006500033009526500032009857100070010178560120010874096CDMR20170606153529.0130130c1992||||sp a||||||||||||||||spa|d a1133-2743 aCDMRbcatcCDMR00aAnuario internacional CIDOB aBarcelonac1992-bEdiciones CIDOB av.c27 cm aSubtítol de les edicions de 1992-1993: Cambios y actores en la realidad internacional..., algunas claves para interpretarlos ; aSubtítol de les edicions de 1994- : Claves para interpretar la Política Exterior Española y las Relaciones Internacionales aA partir de l'edició 1994, canvia ISBN per ISSN aA partir de 2010 Edicions CIDOB substitueix Fundació CIDOB com a responsable editorial  aConté: Perfiles de países, 1996.- India ; 1997.- Turquía ; 1998.- Rusia ; 1999.- China ; 2000.- México ; 2001.- Marruecos ; 2002.- Corea del Sur ; 2003.- Brasil ; 2004.- Sudáfrica; 2005.- Portugal ; 2006.- Argelia ; 2008.- Nigeria y su entorno regional ; 2009.- Estados Unidos de América ; 2010.- Federación Rusa ; 2011.- Turquía04aEspanyaxPolíticavAnuaris04aPolítica mundialvAnuaris2 aCentre d'Informació i Documentació Internacionals a Barcelona40uhttp://www.cidob.org/es/publicaciones/anuarios/anuario_internacional_cidobyDisponible en líniaz(Accés lliure)